000 00325nam a2200121 a 4500
005 20140414131933.0
008 110108s19uu xx 00 eng d
050 _aREF 423
_bT11 2005
100 _aTajar, Mahmood
245 _aKontemporaryong diksyunaryo ng Filipino-Ingles.
260 _bSmartbooks,
_c2005.
999 _c112313
_d112313